000 00738nam a2200229 a 4500
001 BRCA_4008
005 20190320204518.0
008 160110s1960----nyua######---#000-0#eng-#
041 _aeng
044 _anyu
050 4 _aBX4655.8
_b.S25 1960
245 1 0 _aThe Saints
_ba concise biographical dictionary
_cedited by John Coulson ; with an introduction by C. C. Martindale, S. l.
260 _aNueva York
_bHawthorn
_c1960
300 _a496 p.
_bil. (algunas a color), 185 láminas
_c24 cm.
500 _aCEF17
650 1 4 _aEnciclopedias y diccionarios
_99441
650 1 4 _aSantos
_eBiografía
_vDiccionarios
_910421
700 1 _aCoulson, John
_eEditor
_910422
700 1 _aMartindale, C. C.
_910423
902 _aGFM
942 _2lcc
_cB
999 _c3734
_d3734